Normal view
MARC view
- عامر، وحيد مهدي
Entry Personal Name
001 - CONTROL NUMBER
- control field: 32773
003 - CONTROL NUMBER IDENTIFIER
- control field: JO-AjAnu
005 - DATE AND TIME OF LATEST TRANSACTION
- control field: 20230606075514.0
008 - FIXED-LENGTH DATA ELEMENTS
- fixed length control field: 230606|| aca||aabn | a|a d
040 ## - CATALOGING SOURCE
- Original cataloging agency: JO-AjAnu
- Transcribing agency: JO-AjAnu
100 ## - HEADING--PERSONAL NAME
- Personal name: عامر، وحيد مهدي
670 ## - SOURCE DATA FOUND
- Source citation: Work cat.: (JO-AjAnu)16837: عامر، وحيد مهدي, author, السياسات النقدية والمالية والاستقرار الاقتصادي (النظرية والتطبيق)